| 000 | 00366nam a22001577a 4500 | ||
|---|---|---|---|
| 003 | SGT | ||
| 020 | _a978-81-8448-706-0 | ||
| 082 |
_a614.41 _bF12R |
||
| 100 | _aRAO,NAGESH KUMAR.G. | ||
| 245 | _aTEXT BOOK OF FORENSIC MEDICINE AND TOXICOLOGY | ||
| 250 | _a2ND | ||
| 260 |
_aNEW DELHI _bJAYPEE PUB _c2012 |
||
| 300 | _a610 | ||
| 650 | _aAYURVEDA | ||
| 942 |
_2ddc _cBK |
||
| 999 |
_c11645 _d11645 |
||